000
003360000a22001570004500
003
MACL
040
_a
MACL
090
_c
32093
_d
32091
100
_a
Blanchard, Ken
245
_a
The Heart Of A Leader
260
_b
Magna Publishing
_c
1999
350
_a
175
650
_a
Literature
942
_c
BOOK
_k
800/Bla
951
_o
800/Bla BOOK
999
_c
31769
_d
31769